England in 1835: a sseries of letters written to friends in Germany during a residence in London and excursions into the provinces, 3v (Record no. 195421)

MARC details
000 -LEADER
fixed length control field 00467nam a2200145Ia 4500
008 - FIXED-LENGTH DATA ELEMENTS--GENERAL INFORMATION
fixed length control field 230917s9999||||xx |||||||||||||| ||und||
040 ## - CATALOGING SOURCE
-- 71455
Original cataloging agency VIVEKANANDA LIBRARY
041 ## - Language
-- English
082 ## - DDC NUMBER
Classification number 942 R192E
100 ## - MAIN ENTRY--PERSONAL NAME
Personal name Raumer, Frederick Von
245 #0 - TITLE STATEMENT
Title England in 1835: a sseries of letters written to friends in Germany during a residence in London and excursions into the provinces, 3v
260 ## - PUBLICATION, DISTRIBUTION, ETC. (IMPRINT)
Place of publication, distribution, etc Shannon
Name of publisher, distributor, etc Irish University
Date of publication, distribution, etc 1971
300 ## - PHYSICAL DESCRIPTION
Pages 318 p.
942 ## - ADDED ENTRY ELEMENTS (KOHA)
Koha item type Books
Holdings
Withdrawn status Lost status Damaged status Not for loan Location (home branch) Sublocation or collection (holding branch) Date acquired Koha issues (times borrowed) Koha full call number Accession No. Koha date last seen Koha item type
        VIVEKANANDA LIBRARY VIVEKANANDA LIBRARY 04/02/2003   942 R192E 53303 17/09/2023 Books
© Designed and Maintained by Vivekananda Library, MDU Rohtak